000 00433cam a22001097a 4500
008 180718b1971 xxu||||| |||| 00| 0 eng d
082 _aQ3x42 Un3
245 _aThe 1971 increases and other changes in social security benefits
_cby Department of Health and Social Security, United Kingtom
260 _aLondon
_bHer Majesty's Stationery Office
_c1971
300 _a20p.
700 _aUnited Kingtom. Department of Health and Social Security
999 _c495109
_d495109